| 000 | 01821nam a2200541 i 4500 | ||
|---|---|---|---|
| 001 | 33819 | ||
| 003 | KOSZ 005 | ||
| 005 | 20240405063101.0 | ||
| 008 | 981106s1998 pl a |001 0 pol | ||
| 015 | _aUWD 1998/15037 | ||
| 020 | _a8321339964 | ||
| 035 | _a991007966939705066 | ||
| 035 | _a(PL-WaBN)b12053399-48omnis_nlop | ||
| 035 | _ab12053399 | ||
| 035 | _a(OCoLC)750998628 | ||
| 035 | _axx001640874 | ||
| 035 | _a(PL)b0000001205339 | ||
| 035 | _a(EXLNZ-48OMNIS_NETWORK)9910348324905606 | ||
| 040 |
_aWA N _cWA N _dKOSZ 005/HR |
||
| 041 | 1 |
_apol _hfre |
|
| 046 | _k1994 | ||
| 080 | _a7.05"19" | ||
| 080 | _a(02.025.2) | ||
| 100 | 1 |
_aGuidot, Raymond _eAutor |
|
| 245 | 1 | 0 |
_aDesign 1940-1990 : _bwzornictwo i projektowanie / _cRaymond Guidot ; tł. z fr. Joanna Wiatrowska, Ewa Wolańska. |
| 246 | 1 |
_iTyt. oryg.: _aHistoire du design 1940-1990, _f1994 |
|
| 260 |
_aWarszawa : _b"Arkady", _c1998. |
||
| 300 |
_a367, [1] s., [1] k. złoż. luz. : _bfot. kolor., portr. ; _c30 cm. |
||
| 336 |
_aTekst _btxt _2rdacontent |
||
| 337 |
_aBez urządzenia pośredniczącego _bn _2rdamedia |
||
| 338 |
_aWolumin _bnc _2rdacarrier |
||
| 380 | _aKsiążki | ||
| 388 | _a1901-2000 | ||
| 388 | _a1989-2000 | ||
| 504 | _aBibliogr. s. 357-358. - Indeks. | ||
| 648 | 7 | _a1901-2000 | |
| 648 | 7 | _a1939-1945 | |
| 648 | 7 | _a1945-1989 | |
| 650 | 7 |
_aWzornictwo przemysłowe _2DBN |
|
| 655 | 7 |
_aWydawnictwa popularne _2DBN |
|
| 658 | _aKultura i sztuka | ||
| 700 | 1 |
_aWiatrowska, Joanna _eTłumaczenie |
|
| 700 | 1 |
_aWolańska, Ewa _eTłumaczenie |
|
| 710 | 2 |
_aWydawnictwo Arkady _4pbl |
|
| 856 |
_uhttp://koha.tu.koszalin.pl/cgi-bin/koha/opac-detail.pl?biblionumber=33819 _yKatalog online BPK |
||
| 942 |
_2UKD _cKS |
||
| 999 |
_c33819 _d33819 |
||